[Event "Krasnodar Region-ch"]
[Site "Krasnodar"]
[Date "2012.10.07"]
[Round "6"]
[White "Gusakov, Anatoly"]
[Black "Zakaryan, David"]
[Result "0-1"]
[WhiteElo "1943"]
[BlackElo "2126"]
[PlyCount "114"]
[EventDate "2012.10.02"]
[EventType "swiss"]
[EventRounds "9"]
[EventCountry "RUS"]
[SourceTitle "EXT 2013"]
[Source "ChessBase"]
[SourceDate "2012.11.22"]
[SourceVersion "1"]
[SourceVersionDate "2012.11.22"]
[SourceQuality "1"]

1. Nf3 Nf6 2. c4 e6 3. g3 d5 4. Bg2 Be7 5. 0-0 dxc4 6. Qa4+ Nbd7 7. Nc3 a6 8. Qxc4 b5 9. Qb3 Bb7 10. d3 0-0 11. a3 Rc8 12. Bd2 c5 13. Rad1 Qb6 14. h3 Rfd8 15. Ne1 Ne5 16. Be3 Nc6 17. Rb1 Na5 18. Qa2 Bxg2 19. Nxg2 Qb7 20. b3 Nd5 21. Nxd5 exd5 22. Bd2 Nc6 23. Bc3 Qd7 24. Qa1 d4 25. Bd2 Qxh3 26. a4 Ne5 27. Nf4 Qd7 28. Kg2 Bg5 29. Rh1 Ng6 30. Ba5 Re8 31. Nh3 Qd5+ 32. Kg1 Rxe2 33. Nxg5 Qxg5 34. Re1 Rce8 35. axb5 axb5 36. Rxe2 Rxe2 37. Qd1 Re6 38. Rh5 Qe7 39. Qf3 h6 40. b4 Re1+ 41. Kg2 cxb4 42. Rxb5 Rb1 43. Rb7 Qe6 44. Rxb4 Rxb4 45. Bxb4 Qe5 46. Ba3 f5 47. Qc6 Kh7 48. Qd6 f4 49. Qxe5 Nxe5 50. gxf4 Nxd3 51. f5 Ne5 52. Kf1 d3 53. Ke1 Nf3+ 54. Kd1 h5 55. Bb2 Kg8 56. f6 h4 57. fxg7 h3 0-1

[Event "Krasnodar Region-ch"]
[Site "Krasnodar"]
[Date "2012.10.06"]
[Round "5"]
[White "Gusakov, Anatoly"]
[Black "Tsiss, Alexander"]
[Result "1-0"]
[WhiteElo "1943"]
[BlackElo "2272"]
[PlyCount "85"]
[EventDate "2012.10.02"]
[EventType "swiss"]
[EventRounds "9"]
[EventCountry "RUS"]
[SourceTitle "EXT 2013"]
[Source "ChessBase"]
[SourceDate "2012.11.22"]
[SourceVersion "1"]
[SourceVersionDate "2012.11.22"]
[SourceQuality "1"]

1. Nf3 c5 2. e4 e6 3. e5 d6 4. Bb5+ Bd7 5. Bxd7+ Nxd7 6. exd6 Bxd6 7. d3 Ngf6 8. 0-0 0-0 9. b3 a6 10. a4 b6 11. Bb2 Qc7 12. Re1 Rfd8 13. h3 Qb7 14. Nbd2 b5 15. Ne4 Be7 16. Nfd2 Rab8 17. axb5 axb5 18. Re3 Ra8 19. Rg3 Rxa1 20. Bxa1 Kf8 21. Bc3 Qa8 22. Qb1 Qd5 23. Nf1 Ra8 24. Ne3 Qc6 25. Qd1 g6 26. Rf3 Nd5 27. Bb2 Kg8 28. Ng4 f5 29. Nh6+ Kf8 30. Qc1 c4 31. bxc4 bxc4 32. dxc4 Qxc4 33. Ng5 Bxg5 34. Qxg5 Qxc2 35. Bh8 Rc8 36. Qh4 Qc4 37. Bd4 Qc1+ 38. Kh2 Ne7 39. Bf6 Qc7+ 40. g3 Qd6 41. Bc3 Nd5 42. Bd2 N7f6 43. Ng4 1-0